[Event "33. Abierto Ciudad de Sevilla"]
[Site "Sevilla ESP"]
[Date "2008.01.05"]
[Round "1.1"]
[White "Reina Aguilar, Marcelo"]
[Black "Korneev, Oleg"]
[Result "0-1"]
[WhiteElo "1933"]
[BlackElo "2645"]
[PlyCount "58"]
[EventDate "2008.01.05"]
[EventType "swiss"]
[EventRounds "9"]
[EventCountry "ESP"]
[Source "lmi"]
[SourceDate "2008.01.05"]

1. d4 d5 2. c4 e6 3. Nc3 c6 4. cxd5 exd5 5. Qc2 g6 6. e4 dxe4 7. Qxe4+ Qe7 8.
Bg5 Qxe4+ 9. Nxe4 Bf5 10. f3 Nd7 11. Bc4 h6 12. Bh4 g5 13. Bg3 Ngf6 14. Nxf6+
Nxf6 15. O-O-O Nd5 16. Bxd5 cxd5 17. Ne2 Kd7 18. Nc3 Rc8 19. Kd2 Bb4 20. Rc1
Rc4 21. Bf2 Rhc8 22. g4 Bg6 23. h4 b5 24. hxg5 hxg5 25. Be3 Ba5 26. a3 b4 27.
axb4 Rxb4 28. Kd1 Rxb2 29. Bd2 Rc4 0-1

[Event "33. Abierto Ciudad de Sevilla"]
[Site "Sevilla ESP"]
[Date "2008.01.05"]
[Round "1.2"]
[White "Burmakin, Vladimir"]
[Black "Gil Del Fresno, Manuel J"]
[Result "1-0"]
[WhiteElo "2611"]
[BlackElo "1931"]
[PlyCount "55"]
[EventDate "2008.01.05"]
[EventType "swiss"]
[EventRounds "9"]
[EventCountry "ESP"]
[Source "lmi"]
[SourceDate "2008.01.05"]

1. d4 Nf6 2. g3 g6 3. Bg2 Bg7 4. e4 d6 5. Nc3 O-O 6. Nge2 c5 7. dxc5 dxc5 8.
Qxd8 Rxd8 9. e5 Ne8 10. f4 Nc6 11. Be3 Nb4 12. Rc1 Bf5 13. Bxc5 Nxc2+ 14. Kf2
Rd7 15. g4 Bd3 16. Rhd1 Rad8 17. Rxd3 Rxd3 18. Rxc2 R8d7 19. Bxa7 Rc7 20. Bb6
Rcd7 21. Ne4 Rd1 22. Rc8 Kf8 23. g5 h6 24. h4 h5 25. Ba5 Rb1 26. Rc2 Ra1 27. a3
Ra2 28. Nc5 1-0

[Event "33. Abierto Ciudad de Sevilla"]
[Site "Sevilla ESP"]
[Date "2008.01.05"]
[Round "1.6"]
[White "Lopez Martinez, Josep Manuel"]
[Black "Cadenas Falcon, Jose A"]
[Result "1-0"]
[WhiteElo "2550"]
[BlackElo "1916"]
[PlyCount "77"]
[EventDate "2008.01.05"]
[EventType "swiss"]
[EventRounds "9"]
[EventCountry "ESP"]
[Source "lmi"]
[SourceDate "2008.01.05"]

1. Nf3 d5 2. d4 Nf6 3. c4 e6 4. g3 c6 5. Bg2 Bd6 6. O-O Nbd7 7. Qc2 O-O 8. Nbd2
Re8 9. Rd1 b6 10. e4 dxe4 11. Ng5 Bb7 12. Ndxe4 Be7 13. c5 h6 14. Nxf6+ Nxf6
15. Nf3 bxc5 16. dxc5 Qa5 17. b4 Qc7 18. Bf4 Qc8 19. Nd4 Nd5 20. Bxd5 exd5 21.
Rac1 Bf8 22. a4 g6 23. Qd2 Kh7 24. b5 Bg7 25. Nxc6 Bxc6 26. bxc6 Qxc6 27. Qxd5
Qxa4 28. Qxf7 Rf8 29. Qb7 Rad8 30. Rxd8 Rxd8 31. h4 Rd7 32. c6 Rd1+ 33. Rxd1
Qxd1+ 34. Kh2 Qf3 35. Be3 Kg8 36. Qc8+ Kh7 37. c7 g5 38. Qd7 gxh4 39. Qd3+ 1-0

[Event "33. Abierto Ciudad de Sevilla"]
[Site "Sevilla ESP"]
[Date "2008.01.05"]
[Round "1.7"]
[White "Maz Machado, Alexander"]
[Black "Campora, Daniel Hugo"]
[Result "0-1"]
[WhiteElo "1915"]
[BlackElo "2535"]
[PlyCount "74"]
[EventDate "2008.01.05"]
[EventType "swiss"]
[EventRounds "9"]
[EventCountry "ESP"]
[Source "lmi"]
[SourceDate "2008.01.05"]

1. c4 e5 2. g3 Nf6 3. Bg2 c6 4. Nc3 Bb4 5. Nf3 e4 6. Ng5 d5 7. a3 Bxc3 8. dxc3
h6 9. Nh3 dxc4 10. O-O O-O 11. Qc2 Bf5 12. e3 Nbd7 13. Nf4 Ne5 14. b3 Qc8 15.
bxc4 Nxc4 16. Rb1 b5 17. Ne2 Re8 18. a4 a6 19. Rb4 Bh3 20. Rxc4 bxc4 21. a5
Bxg2 22. Kxg2 Qg4 23. Ng1 Rad8 24. Qa4 Qe6 25. Ne2 Qd5 26. Nd4 c5 27. Ne2 g5
28. Qa3 Ng4 29. Qb2 Ne5 30. Qb6 Re6 31. Qc7 Nd3 32. Ba3 Qd7 33. Qxd7 Rxd7 34.
Rb1 Rf6 35. Nc1 Rxf2+ 36. Kg1 Rc2 37. Nxd3 exd3 0-1

[Event "33. Abierto Ciudad de Sevilla"]
[Site "Sevilla ESP"]
[Date "2008.01.05"]
[Round "1.8"]
[White "Aroshidze, Levan"]
[Black "Calle Fuentes, Jose Luis"]
[Result "1-0"]
[WhiteElo "2535"]
[BlackElo "1909"]
[PlyCount "53"]
[EventDate "2008.01.05"]
[EventType "swiss"]
[EventRounds "9"]
[EventCountry "ESP"]
[Source "lmi"]
[SourceDate "2008.01.05"]

1. e4 e5 2. Nf3 Nf6 3. Nxe5 d6 4. Nf3 Nxe4 5. d4 d5 6. Bd3 Nc6 7. O-O Be7 8. c4
Nb4 9. Be2 O-O 10. a3 Nc6 11. Nc3 Nxc3 12. bxc3 Bg4 13. h3 Bh5 14. cxd5 Qxd5
15. Rb1 Qe4 16. Rb5 Bg6 17. Ne5 Qc2 18. Nxg6 Qxg6 19. Bd3 Qd6 20. Qh5 g6 21.
Qh6 f5 22. Rxb7 Bf6 23. Bf4 Qxa3 24. Rxc7 Ne7 25. Re1 Rac8 26. Bc4+ Kh8 27.
Rexe7 1-0

[Event "33. Abierto Ciudad de Sevilla"]
[Site "Sevilla ESP"]
[Date "2008.01.05"]
[Round "1.9"]
[White "Suarez Fernandez, Enrique Oliver"]
[Black "Matamoros Franco, Carlos S"]
[Result "0-1"]
[WhiteElo "1908"]
[BlackElo "2529"]
[PlyCount "44"]
[EventDate "2008.01.05"]
[EventType "swiss"]
[EventRounds "9"]
[EventCountry "ESP"]
[Source "lmi"]
[SourceDate "2008.01.05"]

1. Nf3 Nf6 2. b3 g6 3. Bb2 Bg7 4. e3 O-O 5. c4 d6 6. Be2 e5 7. d3 c5 8. O-O Nc6
9. e4 Nh5 10. Nc3 Nf4 11. Nd5 g5 12. Ne1 f5 13. Nxf4 gxf4 14. g4 fxg4 15. Bxg4
Qg5 16. h3 f3 17. Nxf3 Rxf3 18. Qxf3 h5 19. Qg2 hxg4 20. f4 exf4 21. Bxg7 Kxg7
22. h4 Qe5 0-1

[Event "33. Abierto Ciudad de Sevilla"]
[Site "Sevilla ESP"]
[Date "2008.01.05"]
[Round "1.11"]
[White "Bravo de los Santos, Francisco"]
[Black "Paunovic, Dragan"]
[Result "0-1"]
[WhiteElo "1900"]
[BlackElo "2522"]
[PlyCount "52"]
[EventDate "2008.01.05"]
[EventType "swiss"]
[EventRounds "9"]
[EventCountry "ESP"]
[Source "lmi"]
[SourceDate "2008.01.05"]

1. e4 c5 2. d4 cxd4 3. c3 dxc3 4. Nxc3 Nc6 5. Nf3 e6 6. Bc4 a6 7. O-O Nge7 8.
Bg5 f6 9. Bh4 Ng6 10. Bg3 Be7 11. Qe2 O-O 12. Rfd1 d6 13. a3 Kh8 14. Rd2 Nge5
15. Ba2 Nxf3+ 16. Qxf3 e5 17. Qd1 f5 18. f3 Nd4 19. Bf2 Bg5 20. Rd3 fxe4 21.
Nxe4 Bf5 22. Nxg5 Qxg5 23. Rxd4 exd4 24. Qxd4 Rac8 25. Bg3 Rc1+ 26. Rxc1 Qxc1+
0-1

[Event "33. Abierto Ciudad de Sevilla"]
[Site "Sevilla ESP"]
[Date "2008.01.05"]
[Round "1.13"]
[White "Muñoz Jorva, Miguel Angel"]
[Black "Narciso Dublan, Marc"]
[Result "0-1"]
[WhiteElo "1886"]
[BlackElo "2513"]
[PlyCount "76"]
[EventDate "2008.01.05"]
[EventType "swiss"]
[EventRounds "9"]
[EventCountry "ESP"]
[Source "lmi"]
[SourceDate "2008.01.05"]

1. d4 Nf6 2. c4 g6 3. Nc3 Bg7 4. e4 d6 5. f4 O-O 6. Bd3 Nc6 7. Nf3 e5 8. fxe5
dxe5 9. d5 Nd4 10. O-O Bg4 11. Be2 Bxf3 12. Bxf3 c5 13. dxc6 bxc6 14. Be3 Rb8
15. Rb1 Qe7 16. Qc1 Nd7 17. a3 a5 18. Ne2 Nc5 19. b4 axb4 20. Nxd4 exd4 21. Bg5
f6 22. axb4 fxg5 23. bxc5 Qxc5 24. Rxb8 Rxb8 25. Kh1 Re8 26. Qc2 Be5 27. g3 Kg7
28. Be2 Qa5 29. Bd3 Qc3 30. Qxc3 dxc3 31. Kg2 Rd8 32. Bc2 g4 33. Rd1 Ra8 34.
Kf2 Ra2 35. Rc1 Bf6 36. Kg1 Bg5 37. Bb1 Bxc1 38. Bxa2 Be3+ 0-1

[Event "33. Abierto Ciudad de Sevilla"]
[Site "Sevilla ESP"]
[Date "2008.01.06"]
[Round "2.3"]
[White "Khamrakulov, Ibragim S"]
[Black "Justiniano Marquez, Marco Antonio"]
[Result "1-0"]
[WhiteElo "2589"]
[BlackElo "2144"]
[PlyCount "91"]
[EventDate "2008.01.05"]
[EventType "swiss"]
[EventRounds "9"]
[EventCountry "ESP"]
[Source "lmi"]
[SourceDate "2008.01.05"]

1. e4 d5 2. exd5 Qxd5 3. Nc3 Qa5 4. Bc4 Nf6 5. d3 c6 6. Bd2 Qc7 7. Qe2 Nbd7 8.
d4 Nb6 9. Bb3 Bf5 10. Nf3 e6 11. h3 a5 12. Nh4 Bg6 13. a3 a4 14. Nxg6 hxg6 15.
Ba2 Rh4 16. f4 Be7 17. g3 Rh8 18. O-O-O Nbd5 19. Ne4 Nxe4 20. Qxe4 b5 21. c3
Bd6 22. h4 Kd7 23. Kb1 Rae8 24. Rhe1 Qb7 25. Ka1 Nb6 26. Qd3 Qa6 27. Re2 Nc4
28. Bc1 Na5 29. Kb1 Nc4 30. Rde1 Re7 31. Qf3 Qa8 32. Qf2 Rh5 33. g4 Rd5 34. Be3
f5 35. gxf5 Rxf5 36. Qg2 Qh8 37. Bc1 Qh5 38. Re4 Rf6 39. Qc2 Qxh4 40. Bxc4 bxc4
41. Qxa4 Qh5 42. Qxc4 Qb5 43. Qe2 Qb3 44. c4 Ref7 45. Rxe6 Bxf4 46. Rxf6 1-0

[Event "33. Abierto Ciudad de Sevilla"]
[Site "Sevilla ESP"]
[Date "2008.01.06"]
[Round "2.4"]
[White "Durao, Joaquim"]
[Black "Spraggett, Kevin"]
[Result "1/2-1/2"]
[WhiteElo "2152"]
[BlackElo "2588"]
[PlyCount "66"]
[EventDate "2008.01.05"]
[EventType "swiss"]
[EventRounds "9"]
[EventCountry "ESP"]
[Source "lmi"]
[SourceDate "2008.01.05"]

1. d4 f5 2. c4 Nf6 3. Nc3 e6 4. e3 Bb4 5. Nge2 O-O 6. a3 Bxc3+ 7. Nxc3 d6 8. g3
e5 9. Bg2 c6 10. O-O Be6 11. b3 Bf7 12. Bb2 Nbd7 13. Qc2 Bg6 14. f4 Qe7 15.
Rae1 Rae8 16. Qc1 a6 17. a4 e4 18. Ba3 Bh5 19. b4 Nb6 20. c5 dxc5 21. b5 Nfd7
22. dxc5 axb5 23. cxb6 b4 24. Bb2 bxc3 25. Qxc3 Rf7 26. a5 Nf6 27. Rf2 Nd5 28.
Qd4 Rd8 29. Rd2 Rff8 30. Qe5 Qf7 31. Bf1 Rfe8 32. Qd4 Qf8 33. Bc4 Kh8 1/2-1/2

[Event "33. Abierto Ciudad de Sevilla"]
[Site "Sevilla ESP"]
[Date "2008.01.06"]
[Round "2.6"]
[White "Barrios Muñoz, Rafael Carlos"]
[Black "Lopez Martinez, Josep Manuel"]
[Result "0-1"]
[WhiteElo "2138"]
[BlackElo "2550"]
[PlyCount "52"]
[EventDate "2008.01.05"]
[EventType "swiss"]
[EventRounds "9"]
[EventCountry "ESP"]
[Source "lmi"]
[SourceDate "2008.01.05"]

1. d4 Nf6 2. g3 e6 3. Bg2 c5 4. e3 d5 5. Ne2 Nc6 6. O-O b5 7. a4 b4 8. c4 bxc3
9. bxc3 Ba6 10. Ba3 Rc8 11. Nd2 Na5 12. Re1 Be7 13. Nc1 O-O 14. Ncb3 Nb7 15. e4
dxe4 16. Nxe4 Nxe4 17. Bxe4 cxd4 18. Nxd4 Bxa3 19. Rxa3 Nc5 20. Bc2 Qe7 21. Ra1
g6 22. Qd2 Bb7 23. Rab1 Ba8 24. f4 Qd8 25. c4 Qc7 26. Qe3 Rfd8 0-1

[Event "33. Abierto Ciudad de Sevilla"]
[Site "Sevilla ESP"]
[Date "2008.01.06"]
[Round "2.7"]
[White "Campora, Daniel Hugo"]
[Black "Fernandez Lago, David"]
[Result "1-0"]
[WhiteElo "2535"]
[BlackElo "2046"]
[PlyCount "55"]
[EventDate "2008.01.05"]
[EventType "swiss"]
[EventRounds "9"]
[EventCountry "ESP"]
[Source "lmi"]
[SourceDate "2008.01.05"]

1. e4 c5 2. Nf3 e6 3. d4 cxd4 4. Nxd4 Nf6 5. Bd3 Nc6 6. Nxc6 bxc6 7. O-O e5 8.
c4 Be7 9. Nc3 O-O 10. Be3 d6 11. h3 Be6 12. Qc2 Qc8 13. Rac1 Nh5 14. Qe2 g6 15.
Nd5 cxd5 16. cxd5 Qb7 17. Ba6 Qb4 18. dxe6 Qxe4 19. exf7+ Kh8 20. Rc7 Bd8 21.
Rd7 d5 22. Bc5 Qxe2 23. Bxe2 Nf4 24. Bf3 Bf6 25. Bxf8 Rxf8 26. Bxd5 Nxd5 27.
Rxd5 Rxf7 28. Rfd1 1-0

[Event "33. Abierto Ciudad de Sevilla"]
[Site "Sevilla ESP"]
[Date "2008.01.06"]
[Round "2.8"]
[White "Serra Olives, Tomas"]
[Black "Aroshidze, Levan"]
[Result "0-1"]
[WhiteElo "2134"]
[BlackElo "2535"]
[PlyCount "56"]
[EventDate "2008.01.05"]
[EventType "swiss"]
[EventRounds "9"]
[EventCountry "ESP"]
[Source "lmi"]
[SourceDate "2008.01.05"]

1. e4 c5 2. Nf3 d6 3. d4 cxd4 4. Nxd4 Nf6 5. Nc3 a6 6. Be3 e6 7. f3 b5 8. g4 h6
9. Qd2 b4 10. Na4 Nbd7 11. Nc6 Qc7 12. Nxb4 d5 13. exd5 Bxb4 14. Qxb4 Nxd5 15.
Qd2 Nxe3 16. Qxe3 Qxc2 17. Qd4 Bb7 18. Bd3 Qc7 19. O-O Ne5 20. Be4 Bxe4 21.
Qxe4 O-O 22. Rac1 Qb8 23. Nc5 Rd8 24. Kh1 Rd2 25. Rfd1 Rxh2+ 26. Kg1 Rxb2 27.
Rb1 Nxf3+ 28. Qxf3 Rxb1 0-1

[Event "33. Abierto Ciudad de Sevilla"]
[Site "Sevilla ESP"]
[Date "2008.01.06"]
[Round "2.9"]
[White "Matamoros Franco, Carlos S"]
[Black "Cadenas Falcon, Carlos"]
[Result "1-0"]
[WhiteElo "2529"]
[BlackElo "2044"]
[PlyCount "43"]
[EventDate "2008.01.05"]
[EventType "swiss"]
[EventRounds "9"]
[EventCountry "ESP"]
[Source "lmi"]
[SourceDate "2008.01.05"]

1. Nf3 Nf6 2. c4 e6 3. g3 d5 4. Bg2 c6 5. O-O g6 6. b3 Bg7 7. Ba3 Nbd7 8. d4 c5
9. cxd5 Nxd5 10. e4 Ne7 11. Nbd2 cxd4 12. Nc4 O-O 13. Nxd4 Nb6 14. Nd6 Be5 15.
Nf3 Bxa1 16. Qxa1 Rb8 17. Rd1 Bd7 18. Ne5 Qc7 19. Ng4 e5 20. Nf6+ Kh8 21. Qxe5
Nc6 22. Qa1 1-0

[Event "33. Abierto Ciudad de Sevilla"]
[Site "Sevilla ESP"]
[Date "2008.01.06"]
[Round "2.10"]
[White "Coimbra, Margarida"]
[Black "Movsziszian, Karen"]
[Result "0-1"]
[WhiteElo "2124"]
[BlackElo "2527"]
[PlyCount "72"]
[EventDate "2008.01.05"]
[EventType "swiss"]
[EventRounds "9"]
[EventCountry "ESP"]
[Source "lmi"]
[SourceDate "2008.01.05"]

1. e4 g6 2. d4 Bg7 3. Nc3 c6 4. Nf3 d6 5. a4 Nf6 6. h3 O-O 7. Be3 Nbd7 8. a5 e5
9. dxe5 dxe5 10. Bc4 Qe7 11. Qe2 Nc5 12. Bxc5 Qxc5 13. O-O Nh5 14. Rfd1 Nf4 15.
Qf1 Bf6 16. Nd2 h5 17. Nb3 Qb4 18. Ra4 Qe7 19. Ne2 Kg7 20. c3 Re8 21. Raa1 Rb8
22. Nxf4 exf4 23. Nd4 Qc7 24. Qd3 Re7 25. b4 Bd7 26. Ra2 Rbe8 27. Re2 Bc8 28.
Ree1 g5 29. Kf1 g4 30. Nf5+ Bxf5 31. exf5 f3 32. g3 Re2 33. Rc1 Rd8 34. Qb1
Rxf2+ 35. Kxf2 Rd2+ 36. Be2 h4 0-1

[Event "33. Abierto Ciudad de Sevilla"]
[Site "Sevilla ESP"]
[Date "2008.01.06"]
[Round "2.12"]
[White "Martin Vazquez, Jose Miguel"]
[Black "Mirzoev, Azer"]
[Result "0-1"]
[WhiteElo "2102"]
[BlackElo "2518"]
[PlyCount "96"]
[EventDate "2008.01.05"]
[EventType "swiss"]
[EventRounds "9"]
[EventCountry "ESP"]
[Source "lmi"]
[SourceDate "2008.01.05"]

1. d4 Nf6 2. Nf3 b5 3. Bg5 Bb7 4. e3 a6 5. c4 bxc4 6. Bxc4 e6 7. O-O Be7 8. Nc3
O-O 9. Rc1 h6 10. Bh4 d6 11. Bd3 Nbd7 12. b4 Rb8 13. Rb1 g5 14. Bg3 Nh5 15.
Nxg5 Nxg3 16. Nxe6 fxe6 17. Qg4+ Kh8 18. Qg6 Nf5 19. Bxf5 Rxf5 20. Qxh6+ Kg8
21. Qg6+ Kf8 22. Qh6+ Ke8 23. Qg6+ Rf7 24. Qxe6 Nf8 25. Qg4 Qd7 26. Qg3 Bf6 27.
f3 Rg7 28. Qf2 Ng6 29. Ne4 Qe6 30. Nxf6+ Qxf6 31. g4 Nh4 32. e4 Nxf3+ 33. Qxf3
Qxf3 34. Rxf3 Rxg4+ 35. Rg3 Rxg3+ 36. hxg3 Bxe4 37. Re1 d5 38. a3 Kd7 39. Rf1
Rh8 40. Rf6 c6 41. Rf7+ Ke6 42. Rb7 Rh1+ 43. Kf2 Rh2+ 44. Ke3 Ra2 45. Rb6 Rxa3+
46. Kf4 Kd6 47. Rb8 Rf3+ 48. Kg4 Rd3 0-1

[Event "33. Abierto Ciudad de Sevilla"]
[Site "Sevilla ESP"]
[Date "2008.01.06"]
[Round "2.13"]
[White "Narciso Dublan, Marc"]
[Black "Gavira Galocha, Antonio"]
[Result "1-0"]
[WhiteElo "2513"]
[BlackElo "2021"]
[PlyCount "47"]
[EventDate "2008.01.05"]
[EventType "swiss"]
[EventRounds "9"]
[EventCountry "ESP"]
[Source "lmi"]
[SourceDate "2008.01.05"]

1. c4 c5 2. Nf3 g6 3. d4 Bg7 4. d5 d6 5. e4 Bg4 6. Qa4+ Qd7 7. Qb3 Bxf3 8. gxf3
Nf6 9. Nc3 Qc7 10. Bh3 Nbd7 11. f4 O-O 12. O-O Rfe8 13. f5 Rab8 14. f4 Qb6 15.
Bd2 Qxb3 16. axb3 a6 17. Rfe1 Rbd8 18. e5 Nh5 19. fxg6 hxg6 20. exd6 Ndf6 21.
dxe7 Rd6 22. Kg2 b5 23. Kf3 Rb8 24. Be3 1-0

[Event "33. Abierto Ciudad de Sevilla"]
[Site "Sevilla ESP"]
[Date "2008.01.06"]
[Round "2.14"]
[White "Lazaro Porta, Angel"]
[Black "Rizouk, Aimen"]
[Result "0-1"]
[WhiteElo "2053"]
[BlackElo "2498"]
[PlyCount "68"]
[EventDate "2008.01.05"]
[EventType "swiss"]
[EventRounds "9"]
[EventCountry "ESP"]
[Source "lmi"]
[SourceDate "2008.01.05"]

1. Nf3 Nf6 2. c4 e6 3. d4 b6 4. g3 Ba6 5. b3 d5 6. Bg2 Bb4+ 7. Bd2 Be7 8. Nc3
c6 9. O-O O-O 10. cxd5 cxd5 11. Re1 Nc6 12. a3 Rc8 13. b4 Bc4 14. Bf4 a5 15.
bxa5 b5 16. Bc1 Qxa5 17. Bb2 Rfd8 18. e3 Ra8 19. Qc2 Rdb8 20. Nd2 Qd8 21. Reb1
Qf8 22. Bc1 Qc8 23. Bf1 Bxf1 24. Kxf1 e5 25. Ne2 Qh3+ 26. Kg1 Rc8 27. Qd1 exd4
28. exd4 Qf5 29. Qb3 Na5 30. Qf3 Qd7 31. Qd3 Nc4 32. Nf3 Ne4 33. Ne5 Qa7 34.
Nf4 Nxe5 0-1

[Event "33. Abierto Ciudad de Sevilla"]
[Site "Sevilla ESP"]
[Date "2008.01.06"]
[Round "2.17"]
[White "Freund, Karl Heinz"]
[Black "Fernandez Romero, Ernesto"]
[Result "0-1"]
[WhiteElo "2045"]
[BlackElo "2462"]
[PlyCount "69"]
[EventDate "2008.01.05"]
[EventType "swiss"]
[EventRounds "9"]
[EventCountry "ESP"]
[Source "lmi"]
[SourceDate "2008.01.05"]

1. d4 Nf6 2. Nc3 c5 3. d5 e5 4. g3 d6 5. Bg2 g6 6. Nf3 Bg7 7. O-O O-O 8. e4 Na6
9. Nd2 Nc7 10. a4 Ng4 11. Nc4 f5 12. f3 Nf6 13. Bg5 h6 14. Bxf6 Qxf6 15. Qd3 f4
16. g4 Ne8 17. Rfb1 h5 18. h3 hxg4 19. hxg4 Rf7 20. b4 cxb4 21. Rxb4 Bf8 22.
Nd2 Be7 23. Nf1 Nc7 24. Nd1 Na6 25. Rb2 Nc5 26. Qe2 Bxg4 27. fxg4 f3 28. Bxf3
Qxf3 29. Qxf3 Rxf3 30. Nf2 Raf8 31. c4 Bh4 32. Raa2 Bxf2+ 33. Rxf2 Rxf2 34.
Rxf2 Rxf2 35. Kxf2 0-1

[Event "33. Abierto Ciudad de Sevilla"]
[Site "Sevilla ESP"]
[Date "2008.01.06"]
[Round "2.18"]
[White "Escobar Forero, Alder"]
[Black "Gouma, Ronald"]
[Result "1-0"]
[WhiteElo "2461"]
[BlackElo "1955"]
[PlyCount "65"]
[EventDate "2008.01.05"]
[EventType "swiss"]
[EventRounds "9"]
[EventCountry "ESP"]
[Source "lmi"]
[SourceDate "2008.01.05"]

1. e4 c5 2. Nf3 Nc6 3. d4 cxd4 4. Nxd4 Nf6 5. Nc3 e5 6. Ndb5 d6 7. Bg5 a6 8.
Na3 b5 9. Nd5 Be7 10. Bxf6 Bxf6 11. c4 b4 12. Nc2 Rb8 13. Be2 O-O 14. b3 a5 15.
Bg4 g6 16. Bxc8 Rxc8 17. Qd3 Bg7 18. h4 f5 19. h5 Nd4 20. Nxd4 exd4 21. exf5
Rxf5 22. hxg6 hxg6 23. Kf1 Qf8 24. Kg1 Re8 25. Rf1 Qf7 26. Rh4 g5 27. Re4 Be5
28. f3 Qh5 29. Rxe5 Rexe5 30. Ne7+ Rxe7 31. Qxf5 Re5 32. Qf6 Qe8 33. Qxd6 1-0

[Event "33. Abierto Ciudad de Sevilla"]
[Site "Sevilla ESP"]
[Date "2008.01.06"]
[Round "2.19"]
[White "Perez Perez, Manuel"]
[Black "Roeder, Mathias"]
[Result "0-1"]
[WhiteElo "2027"]
[BlackElo "2461"]
[PlyCount "44"]
[EventDate "2008.01.05"]
[EventType "swiss"]
[EventRounds "9"]
[EventCountry "ESP"]
[Source "lmi"]
[SourceDate "2008.01.05"]

1. e4 c5 2. Nf3 d6 3. d4 cxd4 4. Nxd4 Nf6 5. Nc3 a6 6. f4 Qb6 7. Bc4 Bg4 8. Qd3
e5 9. Nf3 Nc6 10. Be3 Qc7 11. O-O Bxf3 12. Rxf3 Be7 13. Rg3 Nb4 14. Qe2 d5 15.
exd5 exf4 16. d6 Qxd6 17. Rd1 Qe5 18. Bxf4 Qxf4 19. Rxg7 Rf8 20. Bb5+ Nc6 21.
Rg4 Nxg4 22. g3 Qe3+ 0-1

[Event "33. Abierto Ciudad de Sevilla"]
[Site "Sevilla ESP"]
[Date "2008.01.06"]
[Round "2.20"]
[White "Belezky, Alexander"]
[Black "Delgado Lozano, Jose Manuel"]
[Result "1-0"]
[WhiteElo "2449"]
[BlackElo "1950"]
[PlyCount "77"]
[EventDate "2008.01.05"]
[EventType "swiss"]
[EventRounds "9"]
[EventCountry "ESP"]
[Source "lmi"]
[SourceDate "2008.01.05"]

1. e4 c6 2. d3 d5 3. Nd2 dxe4 4. dxe4 Nd7 5. Ngf3 e6 6. Be2 Qc7 7. O-O Ngf6 8.
b3 g6 9. Bb2 Bg7 10. c4 O-O 11. Qc2 c5 12. h3 e5 13. Nb1 Re8 14. Nc3 a6 15. Nd5
Nxd5 16. cxd5 Nf8 17. b4 b6 18. bxc5 bxc5 19. Nd2 Bb7 20. Nc4 Nd7 21. Bc3 Reb8
22. Ba5 Qc8 23. Bg4 f5 24. exf5 Bxd5 25. fxg6 Ra7 26. Ne3 Bc6 27. Nf5 Qf8 28.
gxh7+ Kh8 29. Nh4 Qf6 30. Ng6+ Kxh7 31. Nxe5+ Kh8 32. Ng6+ Kg8 33. Bc3 Qf7 34.
Rae1 Nf8 35. Nxf8 Qxf8 36. Be6+ Kh8 37. Re5 Bxe5 38. Bxe5+ Rg7 39. Qg6 1-0

[Event "33. Abierto Ciudad de Sevilla"]
[Site "Sevilla ESP"]
[Date "2008.01.07"]
[Round "3.3"]
[White "Barria, Daniel"]
[Black "Khamrakulov, Ibragim S"]
[Result "0-1"]
[WhiteElo "2427"]
[BlackElo "2589"]
[PlyCount "64"]
[EventDate "2008.01.05"]
[EventType "swiss"]
[EventRounds "9"]
[EventCountry "ESP"]
[Source "lmi"]
[SourceDate "2008.01.05"]

1. d4 Nf6 2. c4 e6 3. Nf3 b6 4. g3 Ba6 5. Qa4 Bb7 6. Bg2 c5 7. dxc5 Bxc5 8. O-O
O-O 9. Nc3 Nc6 10. Bf4 Nh5 11. Bd2 Qc8 12. Ne4 Be7 13. Bc3 f5 14. Ned2 Bf6 15.
Rac1 Bxc3 16. Rxc3 Nf6 17. c5 Qd8 18. Rd1 Qe7 19. Qa3 Ne4 20. Nxe4 fxe4 21. Ne1
Qf6 22. f4 Nd4 23. Re3 e5 24. Rxe4 Bxe4 25. Bxe4 Nxe2+ 26. Kg2 Rae8 27. Nf3
exf4 28. Qd3 fxg3 29. Qxe2 gxh2 30. Re1 Kh8 31. Kxh2 bxc5 32. Qd2 Rxe4 0-1

[Event "33. Abierto Ciudad de Sevilla"]
[Site "Sevilla ESP"]
[Date "2008.01.07"]
[Round "3.5"]
[White "Lopez Martinez, Josep Manuel"]
[Black "Pogorelov, Ruslan"]
[Result "1-0"]
[WhiteElo "2550"]
[BlackElo "2396"]
[PlyCount "91"]
[EventDate "2008.01.05"]
[EventType "swiss"]
[EventRounds "9"]
[EventCountry "ESP"]
[Source "lmi"]
[SourceDate "2008.01.05"]

1. e4 c6 2. d4 d5 3. e5 Bf5 4. Be3 e6 5. Nd2 Nd7 6. Be2 Bg6 7. h4 f6 8. h5 Bf7
9. f4 fxe5 10. dxe5 Bc5 11. Bxc5 Nxc5 12. c3 g5 13. hxg6 Bxg6 14. Ngf3 Qb6 15.
b4 Nd7 16. Nd4 c5 17. bxc5 Nxc5 18. N2b3 Ne4 19. Bh5 Ne7 20. Bxg6+ Nxg6 21. Qg4
O-O-O 22. Qxe6+ Qxe6 23. Nxe6 Rde8 24. Nbd4 Kd7 25. Ng7 Rc8 26. O-O Rxc3 27.
e6+ Ke7 28. f5 Nh4 29. Rf4 Kf6 30. Rg4 h5 31. Rxh4 Kxg7 32. Ne2 Rc5 33. Nf4 Kf6
34. Rxh5 Rxh5 35. Nxh5+ Kg5 36. e7 Rc8 37. Ng7 Nd6 38. Re1 Ne8 39. Nxe8 Rxe8
40. g4 d4 41. Kf2 b5 42. Re6 b4 43. Rg6+ Kf4 44. f6 Rc8 45. f7 Rc2+ 46. Ke1 1-0

[Event "33. Abierto Ciudad de Sevilla"]
[Site "Sevilla ESP"]
[Date "2008.01.07"]
[Round "3.6"]
[White "Kononenko, Tatiana"]
[Black "Campora, Daniel Hugo"]
[Result "0-1"]
[WhiteElo "2378"]
[BlackElo "2553"]
[PlyCount "52"]
[EventDate "2008.01.05"]
[EventType "swiss"]
[EventRounds "9"]
[EventCountry "ESP"]
[Source "lmi"]
[SourceDate "2008.01.05"]

1. d4 Nf6 2. c4 e6 3. Nf3 b6 4. Nc3 Bb7 5. Bg5 h6 6. Bh4 d6 7. e3 Nbd7 8. Be2
g5 9. Bg3 Nh5 10. Qc2 Bg7 11. O-O-O Qe7 12. Ne1 Nxg3 13. hxg3 O-O-O 14. Qa4 Kb8
15. Nc2 c5 16. Bf3 a6 17. Bxb7 Kxb7 18. g4 Rc8 19. Kb1 Rc7 20. Ne4 Rhc8 21. Qa3
d5 22. cxd5 exd5 23. Ng3 Qe6 24. Qd3 Qxg4 25. Qf5 Nf6 26. dxc5 Qc4 0-1

[Event "33. Abierto Ciudad de Sevilla"]
[Site "Sevilla ESP"]
[Date "2008.01.07"]
[Round "3.7"]
[White "Vehi Bach, Victor Manuel"]
[Black "Aroshidze, Levan"]
[Result "1-0"]
[WhiteElo "2373"]
[BlackElo "2553"]
[PlyCount "97"]
[EventDate "2008.01.05"]
[EventType "swiss"]
[EventRounds "9"]
[EventCountry "ESP"]
[Source "lmi"]
[SourceDate "2008.01.05"]

1. e4 c5 2. Nf3 d6 3. d4 cxd4 4. Nxd4 Nf6 5. Nc3 a6 6. Be3 e6 7. Be2 Qc7 8. Qd2
b5 9. a3 Nbd7 10. O-O-O Rb8 11. g4 Nc5 12. f3 Nfd7 13. g5 Ne5 14. f4 Nc4 15.
Bxc4 bxc4 16. Qe2 Qb7 17. Qxc4 Bd7 18. Nb3 Nxb3+ 19. Qxb3 Qc7 20. Qa2 Be7 21.
Rd4 O-O 22. Rc4 Qa5 23. Bd2 Qb6 24. Rb4 Qa7 25. Re1 Rxb4 26. axb4 Rb8 27. Nd1
Bc6 28. Qc4 Bb5 29. Qc3 Bf8 30. h4 Qb7 31. Qd4 Rc8 32. b3 Re8 33. Qe3 e5 34. f5
Bd7 35. Qd3 d5 36. exd5 e4 37. Qd4 Bxf5 38. Ne3 Bg6 39. Rh1 Bh5 40. Bc3 Bf3 41.
Rg1 Qd7 42. Kb2 Qh3 43. Nc4 Qxh4 44. Nd6 Rd8 45. Nf5 Qf4 46. Nxg7 Rxd5 47. Qxd5
Bxg7 48. Qd8+ Bf8 49. Qd4 1-0